| 000 | 00618nam a22001817a 4500 | ||
|---|---|---|---|
| 005 | 20230920162343.0 | ||
| 010 | _aENG-135695 | ||
| 020 |
_a9789388322157 _c299.00 |
||
| 035 | _aEN-119227 | ||
| 037 | _bDBAD/PUB | ||
| 082 | _a590.723454 | ||
| 100 |
_aSehgal, Supriya _957162 |
||
| 245 |
_aA Tigress Called Machhli: _bOther True Animal Stories From India/ _cBy Supriya Sehgal |
||
| 260 |
_aGurugram _bHachette book publishing _c2019 |
||
| 270 |
_a4th & 5th floors, corporate centre, Plot No. 94, sector-44 _bGurugram _e122003 |
||
| 300 |
_avii;163p. _c20cm(pbk) |
||
| 942 |
_2ddc _cEN _mSEH _h590.723454 |
||
| 999 |
_c193783 _d193783 |
||